00945cam6a220026500 4500001001200000008004100012010001900053035001900072035002400091035002200115050001500137082001000152100006700162245007200229260004200301650002600343700003200369949004500401949004500446949004500491949005900536949005900595004000600654999001900660lce00561060730220s1962 caua 000 0 eng  a 62010136 /L a(Sirsi) r52561 a(DLC) 62010136 /L a(UPRA)lce005610600 aQL641b.G6 a598.11 aGoin, Coleman Jett, 1911-dGoin, Coleman Jett, 1911-6A11132.110aIntroduction to herpetology,cby Coleman J. Goin and Olive B. Goin. aSan Francisco,bW. H. Freemanc[1962] 0aHerpetology.6S7524.11 aGoin, Olive Bown.6A11133.1 aQL641wlcci-66915mMAINtBOOKlON-SHELF aQL641wlcci-66916mMAINtBOOKlON-SHELF aQL641wlcci-66917mMAINtBOOKlON-SHELF aQL641wlcci33729005170019mMAINp2500tBOOKlON-SHELF aQL641wlcci33729000215405mMAINp2500tBOOKlON-SHELF52561 c135820d135820